| 000 | 00846nam a2200277Ia 4500 | ||
|---|---|---|---|
| 001 | Z_740 | ||
| 003 | CHAP | ||
| 008 | 220113s1990 xx 000 0 und d | ||
| 010 | _a163833 | ||
| 040 | _cCHAP | ||
| 090 | _aTesis G 532 | ||
| 100 |
_aGarcía Juárez, Olger _946169 |
||
| 245 |
_aEvaluación de tres momentos de inicio de cosecha de semilla de pasto Rhodes (Chloris gayana kunt) var. "Bell" / _cpor Olger García Juárez y Jorge Hurtado Loe |
||
| 260 |
_aChapingo, Méx. : _bEl autor, _c1990 |
||
| 300 | _a40 h. | ||
| 502 | _aTesis (Ing. Agrónomo Esp. en Zootecnia) -- UACH. Departamento de Zootecnia | ||
| 650 |
_aPastos _xSemilla _986077 |
||
| 650 |
_aZacate Rhodes _9123398 |
||
| 700 |
_aHurtado Loe, Jorge _956984 |
||
| 901 | _aTESIS G 532 | ||
| 902 | _aM | ||
| 910 | _a1990 | ||
| 942 | _c2 | ||
| 942 | _c2 | ||
| 999 |
_c163833 _d163833 |
||